| 000 | 00578nam a22001937a 4500 | ||
|---|---|---|---|
| 003 | OSt | ||
| 005 | 20240416150817.0 | ||
| 008 | 240412b |||||||| |||| 00| 0 eng d | ||
| 020 | _a0521339847 | ||
| 040 | _cDDC | ||
| 082 | _a512.5 CIA 1989 | ||
| 100 | _4Ciarlet, Philippe G. | ||
| 245 | _aIntroduction to Numerical Linear Algebra and Optimisation | ||
| 260 |
_aCambridge; _bCambridge university press _c1989 |
||
| 300 |
_axiv,436 p; ill: _bBibliography,references,index included _c22.7cm |
||
| 650 | _aMathematics | ||
| 650 |
_alinear algebra _93634 |
||
| 942 |
_2ddc _cO_SHELF |
||
| 999 |
_c8291 _d8291 |
||